000 00587nam a2200229Ia 4500
003 OSt
005 20220924151957.0
006 a|||||r|||| 00| 0
007 ta
008 220923b |||||||| |||| 00| 0 mar d
024 _a340215
037 _cTextual
040 _aARTS
_cARTS
_bmar
041 _2mar
_amar
082 _aO155,1L95w, 155M2
100 _aVashta Jayant
_9225478
245 0 _aRajkavi tambe
260 _c1982
650 _aMARATHI LITERATURE
_938000
942 _hO155,1L95w, 155M2
_cTEXL
_2CC
999 _c468284
_d468284